| 000 | 00285 a2200097 4500 | ||
|---|---|---|---|
| 001 | 57016 | ||
| 100 | _a | ||
| 245 | _a28 Days vitality Plan; Step By Step diet And Exercise plan To Detox your System and tone your Body | ||
| 260 |
_aLondon _bHamlyn _c1999 |
||
| 090 |
_c34940 _d34940 |
||
| 942 |
_aNUST-CAE _cMONOGRAPH _c27714 |
||
| 999 |
_c292089 _d292089 |
||